Статьи (Бичлэгийн дугаар. 520365)
[ энгийн харах ]
| 000 -Удирдлага | |
|---|---|
| Ном зүйн бүртгэл тоо буюу кодлох утгыг агуулсан | 00353nam a2200133Ia 4500 |
| 008 - ЕРӨНХИЙ МЭДЭЭЛЭЛ-ЭЛЕМЕНТҮҮДИЙН ӨГӨГДЛИЙН УРТ | |
| fixed length control field | 201216s9999||||xx |||||||||||||| ||und|| |
| 084 ## - БУСАД АНГИЛЛЫН ДУГААР | |
| Анги | 778.5 |
| Зохиогчийн 3-н тэмдэгт | С 242 |
| Ангиллын нэр | Аравтын ангилал |
| 100 ## - ЗОХИОГЧИЙН ХЭСЭГ | |
| Зохиогчийн нэр | Свердлин Л. |
| 245 #0 - ҮНДСЭН ГАРЧИГ | |
| Гарчиг | Статьи |
| Оролцогчдын тухай мэдээ | Ред. Л.А.Пичхадзе |
| 260 ## - ГАРАЛТЫН ТУХАЙ МЭДЭЭ | |
| Хэвлэгдсэн он | 1979 |
| Хэвлэгдсэн газар | М |
| Хэвлэлийн газар | Искусство |
| 300 ## - ТООНЫ МЭДЭЭ | |
| Хуудасны тоо | 319 |
| 546 ## - ХЭЛНИЙ ТУХАЙ МЭДЭЭ | |
| Хэл | |
| 942 ## - ЭЛЕМЕНТИЙН ТӨРӨЛ | |
| Төрөл | Ном |
| Буцаан татагдсан төлөв | Хасагдсан шалтгаан | Гэмтсэн төлөв | Данс заагч | Захиалах боломжгүй | Үндсэн номын сан | Одоогийн байршил | Салбар танхим | Сан хөмрөг 5 | Бүртгэсэн огноо | Бүрдүүлэлтийн эх үүсвэр | Тавиурын заалт | Баркод | Үнэ | Хамгийн сүүлд байсан огноо | Нийт уншлаганд гарсан тоо | Төрөл |
|---|---|---|---|---|---|---|---|---|---|---|---|---|---|---|---|---|
| МУҮндэсний Номын сан | МУҮндэсний Номын сан | МУҮНС төв | Өрнө дахин фонд | МУҮНС төв | Өрнө дахин фонд | 2020-12-18 | Солилцоо | 456635 | 005000456635 | 8.00 | 2023-06-06 | Ном |